| 000 | 01947cam a2200325 i 4500 | ||
|---|---|---|---|
| 001 | bcotR000253 | ||
| 005 | 20210215102206.0 | ||
| 006 | m u | ||
| 007 | cr cn ---uuuuu | ||
| 008 | 180419s2018 xx o 000 0 eng d | ||
| 035 | _a(OCoLC)1037019075 | ||
| 037 |
_bBCOpenCampus _cCostFree _fFormOnline _gAccessOpen |
||
| 040 |
_aCaBSKC _beng _erda _cCaBSKC |
||
| 050 | 4 |
_aLB1044.88 _b.O54 2018eb |
|
| 100 | 1 |
_aAesoph, Lauri, _eauthor. |
|
| 245 | 1 | 0 |
_aOpen pedagogy resources / _cauthor: Lauri Aesoph. |
| 264 | 1 | _bBCcampus, BC Open Textbook Project, | |
| 300 | _a1 online resource | ||
| 520 | _a"Open pedagogy, also known as open educational practices (OEP), are pedagogical strategies that use the affordances of open licences to get students involved in creative activities that often contribute back to the course materials - or have other real-world applications. David Wiley is credited with coining the term "open pedagogy" and contrasts this type of assignment with "disposable assignments" that have no value once a grade is assigned. Examples include students demonstrate mastery of weekly learning objectives by writing quiz questions that are added to the test bank for next term or students create or revise open educational resources (OER) for their course."--BC Campus website. | ||
| 588 | _aDescription based on online resource; title from pdf title page (viewed on May 22, 2018). | ||
| 650 | 0 |
_aTeaching _xAids and devices _vTextbooks. |
|
| 655 | 0 | _aElectronic books. | |
| 710 | 2 |
_aBC Open Textbook Project, _eissuing body, _edistributor. |
|
| 710 | 2 | _aBCcampus. | |
| 856 | 4 | 0 |
_3BC Open Textbook Project title homepage. _uhttps://open.bccampus.ca/find-open-textbooks/?uuid=a432f4e0-c66f-465a-a08e-99c207415111&contributor=&keyword=&subject= |
| 999 |
_c28392 _d28392 |
||